DESIGN OF STEEL STRUCTURES (Record no. 5259)

MARC details
000 -LEADER
fixed length control field 00364nam a22001577a 4500
005 - DATE AND TIME OF LATEST TRANSACTION
control field 20160916114344.0
008 - FIXED-LENGTH DATA ELEMENTS--GENERAL INFORMATION
fixed length control field 160916b xxu||||| |||| 00| 0 eng d
020 ## - INTERNATIONAL STANDARD BOOK NUMBER
ISBN 978-0-07-026068-9
041 ## - LANGUAGE CODE
Language code of text/sound track or separate title eng
100 ## - MAIN ENTRY--AUTHOR NAME
Personal name DUGGAL,S.K
245 ## - TITLE STATEMENT
Title DESIGN OF STEEL STRUCTURES
260 ## - PUBLICATION, DISTRIBUTION, ETC. (IMPRINT)
Name of publisher TMH
Year of publication 2015
300 ## - PHYSICAL DESCRIPTION
Number of Pages 831
650 ## - SUBJECT ADDED ENTRY--TOPICAL TERM
Topical Term ENGINEERING
942 ## - ADDED ENTRY ELEMENTS (KOHA)
Koha item type Books
Holdings
Lost status Damaged status Home library Current library Shelving location Date acquired Source of acquisition Full call number Accession Number Koha item type Cost, normal purchase price
    JRU Library   SHELF-6-B 16/09/2016 PURCHASE 624.1821 21286 Books  
    JRU Library   SHELF-49-D 16/09/2016 PURCHASE 6241821 21287 Books  
    JRU Library   SHELF-49-D 16/09/2016 PURCHASE 624.1821 21288 Books  
    JRU Library   SHELF-49-D 30/04/2017 PUCHASE 624.1821 21552 Books 665.00
    JRU Library   SHELF-49-D 30/04/2017 PUCHASE 624.1821 21553 Books 665.00